[Event "45th Olympiad Budapest 2024"]
[Site "Budapest"]
[Date "2024.09.13"]
[Round "3"]
[Board "2"]
[White "Wafa, Shahenda"]
[Black "Makwena, Christine"]
[Result "1-0"]
[WhiteElo "2102"]
[BlackElo "1860"]
[PlyCount "33"]
[EventDate "2024.09.11"]
[EventType "team-tourn"]
[EventRounds "11"]
[EventCountry "HUN"]
[WhiteTeam "Egypt"]
[BlackTeam "Zimbabwe"]
[WhiteTeamCountry "EGY"]
[BlackTeamCountry "ZIM"]

1. e4 {[%emt 0:00:01]} c5 {[%emt 0:00:21]} 2. Nf3 {[%emt 0:00:08]} d6 {[%emt 0:00:06]} 3. d4 {[%emt 0:00:08]} cxd4 {[%emt 0:00:32]} 4. Nxd4 {[%emt 0:00:24]} Nf6 {[%emt 0:00:06]} 5. Nc3 {[%emt 0:00:06]} a6 {[%emt 0:00:06]} 6. Bg5 {[%emt 0:00:34]} Nbd7 {[%emt 0:01:19]} 7. f4 {[%emt 0:01:19]} Qc7 {[%emt 0:01:43]} 8. Qf3 {[%emt 0:00:50]} b5 {[%emt 0:02:21]} 9. e5 {[%emt 0:07:55]} Bb7 {[%emt 0:03:11]} 10. exd6 {[%emt 0:00:59]} Qb6 {[%emt 0:02:05]} 11. Qe3 {[%emt 0:10:25]} Qxd6 {[%emt 0:00:58]} ({RR} 11... Ng4 12. Qg1 Qxd6 13. O-O-O Qc7 14. h3 Ngf6 15. Ndxb5 axb5 16. Bxb5 Bc6 17. Bc4 e6 18. f5 e5 19. Bxf6 Nxf6 20. Qe3 Be7 21. Qg5 O-O 22. Bb3 Ne4 23. Qe3 Bg5 {0-1 Winkels,M (1924)-Yaniv,O (2131) Titled Tue 20th Aug Early 2024 (11)}) 12. O-O-O {[%emt 0:02:31]} Qc7 {[%emt 0:03:30]} 13. Bxb5 $146 {[%emt 0:10:18]} ({RR} 13. Ndxb5 axb5 14. Nxb5 Qc6 15. Nd6+ Kd8 16. Bb5 Qxg2 17. Bxf6 Rxa2 18. Qb6+ Nxb6 19. Nxf7+ Kc7 20. Be5+ {1-0 Pascua Vilches,F-Rincon Zapatero,A Valladolid CC Regalado 21st 1997 (2)}) 13... Qc5 {[%emt 0:22:50]} 14. Bxd7+ {[%emt 0:02:46]} Nxd7 {[%emt 0:00:27]} 15. Rhe1 {[%emt 0:04:20]} e6 {[%emt 0:06:55]} 16. Qh3 {[%emt 0:04:54]} Nf6 {[%emt 0:04:35]} 17. Nxe6 {[%emt 0:06:28]} 1-0

[Event "45th Olympiad Budapest 2024"]
[Site "Budapest"]
[Date "2024.09.13"]
[Round "3"]
[Board "3"]
[White "Shaba, Linda Dalitso"]
[Black "Romany, Joy"]
[Result "0-1"]
[WhiteElo "1831"]
[BlackElo "2012"]
[PlyCount "102"]
[EventDate "2024.09.11"]
[EventType "team-tourn"]
[EventRounds "11"]
[EventCountry "HUN"]
[WhiteTeam "Zimbabwe"]
[BlackTeam "Egypt"]
[WhiteTeamCountry "ZIM"]
[BlackTeamCountry "EGY"]

1. e4 {[%emt 0:00:05]} c5 {[%emt 0:00:27]} 2. Nf3 {[%emt 0:00:21]} e6 {[%emt 0:00:06]} 3. d4 {[%emt 0:00:40]} cxd4 {[%emt 0:00:06]} 4. Nxd4 {[%emt 0:00:06]} Nc6 {[%emt 0:00:03]} 5. g3 {[%emt 0:01:40]} Nf6 {[%emt 0:06:03]} 6. Bg2 {[%emt 0:01:25]} Be7 {[%emt 0:00:20]} ({RR} 6... e5 7. Nb5 d6 8. Bg5 a6 9. Bxf6 gxf6 10. N5c3 f5 11. O-O Bg7 12. Nd2 O-O 13. Nc4 Nd4 14. Nd5 fxe4 15. Ncb6 Be6 16. c3 Bxd5 17. Nxd5 Nf3+ 18. Bxf3 exf3 19. Qxf3 f5 20. Rad1 Kh8 21. Rd2 {1-0 Nakamura,H (2816)-Yu,Y (2721) Las Vegas Millionaire op KO rapid 2015 (1.4)}) 7. O-O {[%emt 0:00:22]} O-O {[%emt 0:01:03]} 8. b3 $146 {[%emt 0:00:47]} ({RR} 8. c4 d6 9. Re1 a6 10. Nc3 Qc7 11. b3 e5 12. Nde2 Rb8 13. Bg5 Be6 14. Rc1 Qd7 15. Bxf6 Bxf6 16. Nd5 Bxd5 17. Qxd5 Rfc8 18. Rcd1 Nd4 19. Qa5 Rc5 20. Qd2 b5 21. Nxd4 exd4 22. Bf1 Rbc8 {1-0 Le,T-Giap,X VIE-chT Dong Thap 2004 (4)}) ({RR} 8. c4 d5 9. cxd5 exd5 10. Nxc6 bxc6 11. exd5 cxd5 12. Nc3 Bb7 13. Bg5 Ne4 14. Bxe7 Qxe7 15. Nxd5 Qe5 16. Ne3 Rab8 17. Nc4 Qc5 18. b3 Rfd8 19. Qc2 Rd2 20. Qc1 Rxf2 21. Qe3 Rxg2+ 22. Kxg2 Nd2+ {1-0 Kadam,O (2114)-Xie,B (2050) Titled Tuesday intern op 27th Oct blitz 2020 (11)}) ({RR} 8. c4 d5 9. exd5 exd5 10. cxd5 Nxd5 11. Nxc6 bxc6 12. Qc2 Qb6 13. Nc3 Be6 14. Bd2 Rab8 15. b3 Nb4 16. Qe4 Bf6 17. Na4 Qb5 18. Bc3 Bd5 19. Qg4 Bxc3 20. Nxc3 Qa5 21. Rfd1 Bxg2 22. Kxg2 Nc2 {0-1 Huguet,B-Mollekens,J Olympiad-17 Final B 1966 (2)}) ({RR} 8. Re1 d6 9. Nxc6 bxc6 10. e5 dxe5 11. Bxc6 Qxd1 12. Rxd1 Rb8 13. b3 Bb7 14. Bxb7 Rxb7 15. Bb2 Nd7 16. c4 f6 17. Nc3 a6 18. Ne4 Nb6 19. Bc3 Nc8 20. f3 Re8 21. Kg2 Kf7 22. Rd3 Nb6 {1-0 Tomic,M (1850)-Kovacs,S (1800) Subotica-ch op  2007 (8)}) 8... d5 {[%emt 0:04:16]} 9. Nxc6 {[%emt 0:06:06]} bxc6 {[%emt 0:00:06]} 10. e5 {[%emt 0:00:22]} Nd7 {[%emt 0:03:16]} 11. Bb2 {[%emt 0:00:35]} Bc5 {[%emt 0:01:14]} 12. Qg4 {[%emt 0:12:02]} Ba6 {[%emt 0:02:34]} 13. c4 {[%emt 0:05:23]} Qb6 {[%emt 0:07:50]} 14. Nd2 {[%emt 0:02:37]} Rab8 {[%emt 0:08:28]} 15. Rac1 {[%emt 0:16:57]} Qa5 {[%emt 0:09:11]} 16. Bc3 {[%emt 0:07:42]} Bb4 {[%emt 0:00:55]} 17. Bxb4 {[%emt 0:00:57]} Rxb4 {[%emt 0:01:52]} 18. Qe2 {[%emt 0:07:18]} dxc4 {[%emt 0:03:53]} 19. Nxc4 {[%emt 0:02:46]} Bxc4 {[%emt 0:00:07]} 20. Rxc4 {[%emt 0:00:25]} Rxc4 {[%emt 0:00:14]} 21. Qxc4 {[%emt 0:00:20]} Nxe5 {[%emt 0:00:44]} 22. Qe2 {[%emt 0:00:49]} Rd8 {[%emt 0:05:04]} 23. Rd1 {[%emt 0:03:45]} Rxd1+ {[%emt 0:07:05]} 24. Qxd1 {[%emt 0:00:10]} c5 {[%emt 0:00:19]} 25. f4 {[%emt 0:05:56]} Ng6 {[%emt 0:01:05]} 26. Qe2 {[%emt 0:01:56]} Qc3 {[%emt 0:04:07]} 27. Be4 {[%emt 0:03:30]} Nf8 {[%emt 0:03:17]} 28. Kg2 {[%emt 0:02:04]} g6 {[%emt 0:01:05]} 29. Bc6 {[%emt 0:01:10]} Qa5 {[%emt 0:04:00]} 30. Be8 {[%emt 0:02:13]} Qd8 {[%emt 0:05:22]} 31. Bc6 {[%emt 0:01:54]} h5 {[%emt 0:01:57]} 32. h4 {[%emt 0:01:18]} Nh7 {[%emt 0:01:36]} 33. Bf3 {[%emt 0:03:33]} Nf6 {[%emt 0:00:41]} 34. Qb2 {[%emt 0:01:12]} Nd5 {[%emt 0:00:23]} 35. Qd2 {[%emt 0:02:11]} Qf6 {[%emt 0:04:27]} 36. Bxd5 {[%emt 0:04:18]} Qd8 {[%emt 0:01:49]} 37. Kf2 {[%emt 0:01:03]} exd5 {[%emt 0:00:40]} 38. Qc3 {[%emt 0:00:54]} Qd6 {[%emt 0:00:46]} 39. Qa5 {[%emt 0:00:29]} Qb6 {[%emt 0:01:12]} 40. Qa4 {[%emt 0:00:09]} c4+ {[%emt 0:06:42]} 41. Ke2 {[%emt 0:00:15]} Qd4 {[%emt 0:00:32]} 42. Qe8+ {[%emt 0:01:07]} Kg7 {[%emt 0:00:24]} 43. Qe5+ {[%emt 0:00:33]} Qxe5+ {[%emt 0:00:04]} 44. fxe5 {[%emt 0:00:09]} cxb3 {[%emt 0:01:09]} 45. axb3 {[%emt 0:00:05]} f6 {[%emt 0:00:25]} 46. exf6+ {[%emt 0:02:31]} Kxf6 {[%emt 0:00:05]} 47. Kd3 {[%emt 0:00:08]} Ke5 {[%emt 0:00:07]} 48. b4 {[%emt 0:00:32]} a6 {[%emt 0:00:20]} 49. Ke3 {[%emt 0:00:16]} d4+ {[%emt 0:00:06]} 50. Kf3 {[%emt 0:00:02]} Kd5 {[%emt 0:00:25]} 51. g4 {[%emt 0:01:44]} hxg4+ {[%emt 0:01:20]} 0-1

[Event "45th Olympiad Budapest 2024"]
[Site "Budapest"]
[Date "2024.09.13"]
[Round "3"]
[Board "1"]
[White "Wagener, Anna"]
[Black "Sakai, Azumi"]
[Result "1/2-1/2"]
[WhiteElo "2251"]
[BlackElo "1871"]
[PlyCount "93"]
[EventDate "2024.09.11"]
[EventType "team-tourn"]
[EventRounds "11"]
[EventCountry "HUN"]
[WhiteTeam "Luxembourg"]
[BlackTeam "Japan"]
[WhiteTeamCountry "LUX"]
[BlackTeamCountry "JPN"]

1. e4 {[%emt 0:00:01]} e6 {[%emt 0:00:07]} 2. d4 {[%emt 0:00:12]} d5 {[%emt 0:00:06]} 3. exd5 {[%emt 0:00:29]} exd5 {[%emt 0:00:12]} 4. Nf3 {[%emt 0:00:10]} Nf6 {[%emt 0:00:11]} 5. Bd3 {[%emt 0:00:51]} Bd6 {[%emt 0:00:17]} 6. O-O {[%emt 0:01:22]} O-O {[%emt 0:00:11]} 7. h3 {[%emt 0:00:19]} h6 {[%emt 0:00:32]} 8. Nc3 {[%emt 0:00:25]} c6 {[%emt 0:00:44]} 9. Re1 {[%emt 0:01:41]} ({RR} 9. Ne5 c5 10. Nb5 Be7 11. dxc5 Bxc5 12. Bf4 a6 13. Nc3 Nc6 14. Qd2 d4 15. Ne2 Re8 16. Nxc6 bxc6 17. Rad1 Nd5 18. Bg3 Qf6 19. Nf4 Nxf4 20. Qxf4 Qxf4 21. Bxf4 Be6 22. Rfe1 Bb4 23. Bd2 Bxd2 {½-½ Fressinet,L (2668)-Bacrot,E (2696) Balagna rapid KO 14th 2017 (2)}) 9... Be6 {[%emt 0:02:32]} ({RR} 9... Nbd7 10. Be3 Re8 11. Qd2 Nf8 12. Bf4 Qc7 13. Bxd6 Qxd6 14. Rxe8 Nxe8 15. Re1 Be6 16. Ne2 Nf6 17. Ng3 Re8 18. Qa5 a6 19. Ne5 Bc8 20. Qd2 c5 21. c3 cxd4 22. cxd4 Ne6 23. Nf5 Qc7 24. Nxh6+ {1-0 Martinez Alcantara,J (2610)-Mammadova,G (2351) Titled Tue 13th Feb Early 2024 (2)}) 10. Ne5 {[%emt 0:00:51]} Nbd7 $146 {[%emt 0:04:44]} ({RR} 10... a6 11. f4 Qc8 12. Qf3 Bf5 13. g4 Bxd3 14. cxd3 Nbd7 15. Ne2 c5 16. Be3 cxd4 17. Nxd7 Qxd7 18. Bxd4 Qb5 19. Bxf6 gxf6 20. Kh1 Rfe8 21. b3 Qb4 22. Rf1 Qd2 23. Ng1 Re3 24. Qxd5 Rxd3 25. Qg2 {0-1 Munoz,A (1739)-Ospina Ortiz,O (1943) COL-ch Ibague 2013 (2)}) ({RR} 10... c5 11. dxc5 Bxc5 12. Bf4 Nc6 13. a3 Qb6 14. Qd2 Qd8 15. Bxh6 gxh6 16. Qxh6 Nd4 17. Qg5+ Kh8 18. Qh6+ Kg8 19. Na4 Rc8 20. Nxc5 Rxc5 21. Re3 {1-0 Vega,F-Rayo Gutierrez,M ESP-chT Spain 1992}) 11. Bf4 {[%emt 0:00:47]} Nb6 {[%emt 0:07:34]} 12. Qf3 {[%emt 0:01:18]} Nc4 {[%emt 0:02:47]} 13. b3 {[%emt 0:19:54]} Bb4 {[%emt 0:04:13]} 14. bxc4 {[%emt 0:22:41]} Bxc3 {[%emt 0:00:27]} 15. Bh7+ {[%emt 0:00:23]} Kxh7 {[%emt 0:00:31]} 16. Qxc3 {[%emt 0:00:09]} dxc4 {[%emt 0:01:31]} 17. Nxc4 {[%emt 0:00:15]} Nd5 {[%emt 0:00:25]} 18. Qd3+ {[%emt 0:00:17]} Kg8 {[%emt 0:01:10]} 19. Bg3 {[%emt 0:02:40]} Nb4 {[%emt 0:13:47]} 20. Qc3 {[%emt 0:02:58]} Nd5 {[%emt 0:05:29]} 21. Qa3 {[%emt 0:02:09]} Nb6 {[%emt 0:03:15]} 22. Nd6 {[%emt 0:00:36]} Nc4 {[%emt 0:01:55]} 23. Nxc4 {[%emt 0:03:38]} Bxc4 {[%emt 0:00:15]} 24. Qb4 {[%emt 0:02:34]} b5 {[%emt 0:00:27]} 25. Bd6 {[%emt 0:04:35]} Re8 {[%emt 0:00:39]} 26. Rxe8+ {[%emt 0:03:21]} Qxe8 {[%emt 0:00:14]} 27. Re1 {[%emt 0:04:52]} Qd8 {[%emt 0:01:26]} 28. a3 {[%emt 0:00:50]} Qg5 {[%emt 0:03:48]} 29. Qc3 {[%emt 0:06:35]} Bd5 {[%emt 0:01:15]} 30. Bg3 {[%emt 0:00:38]} h5 {[%emt 0:03:39]} 31. h4 {[%emt 0:02:46]} Qg4 {[%emt 0:00:40]} 32. Re5 {[%emt 0:00:38]} Qd1+ {[%emt 0:00:52]} 33. Kh2 {[%emt 0:00:29]} f6 {[%emt 0:06:21]} 34. Re7 {[%emt 0:01:42]} a5 {[%emt 0:08:34]} 35. f3 {[%emt 0:01:22]} Qf1 {[%emt 0:04:26]} 36. Qe3 {[%emt 0:00:49]} Bf7 {[%emt 0:04:26]} 37. Qe4 {[%emt 0:01:30]} Rc8 {[%emt 0:03:57]} 38. Qf5 {[%emt 0:01:45]} Re8 {[%emt 0:05:37]} 39. Rxe8+ {[%emt 0:00:27]} Bxe8 {[%emt 0:00:21]} 40. Qe6+ {[%emt 0:00:04]} Bf7 {[%emt 0:00:37]} 41. Qc8+ {[%emt 0:00:04]} Kh7 {[%emt 0:00:35]} 42. Qxc6 {[%emt 0:00:07]} Qc4 {[%emt 0:00:28]} 43. Qe4+ {[%emt 0:01:07]} Bg6 {[%emt 0:01:46]} 44. Qe1 {[%emt 0:00:15]} b4 {[%emt 0:05:59]} 45. axb4 {[%emt 0:01:02]} axb4 {[%emt 0:00:04]} 46. Bd6 {[%emt 0:00:58]} Qxd4 {[%emt 0:00:35]} 47. Qxb4 {[%emt 0:00:38]} 1/2-1/2

[Event "45th Olympiad Budapest 2024"]
[Site "Budapest"]
[Date "2024.09.13"]
[Round "3"]
[Board "2"]
[White "Kinoshita, Kanako"]
[Black "Steil-Antoni, Fiona"]
[Result "0-1"]
[WhiteElo "1822"]
[BlackElo "2085"]
[PlyCount "90"]
[EventDate "2024.09.11"]
[EventType "team-tourn"]
[EventRounds "11"]
[EventCountry "HUN"]
[WhiteTeam "Japan"]
[BlackTeam "Luxembourg"]
[WhiteTeamCountry "JPN"]
[BlackTeamCountry "LUX"]

1. d4 {[%emt 0:00:03]} d5 {[%emt 0:01:09]} 2. Nf3 {[%emt 0:00:17]} Nf6 {[%emt 0:00:07]} 3. e3 {[%emt 0:00:24]} e6 {[%emt 0:00:49]} 4. Bd3 {[%emt 0:00:42]} c5 {[%emt 0:00:56]} 5. b3 {[%emt 0:00:18]} Be7 {[%emt 0:04:09]} 6. O-O {[%emt 0:00:45]} O-O {[%emt 0:00:12]} 7. Bb2 {[%emt 0:02:05]} b6 {[%emt 0:04:07]} 8. Nbd2 {[%emt 0:01:29]} Bb7 {[%emt 0:01:05]} 9. Ne5 {[%emt 0:07:28]} Nbd7 {[%emt 0:05:30]} 10. f4 {[%emt 0:11:36]} Ne4 {[%emt 0:08:16]} 11. c4 {[%emt 0:17:50]} f5 {[%emt 0:04:52]} ({RR} 11... Nxe5 12. fxe5 Bg5 13. Qe2 Nxd2 14. Qxd2 dxc4 15. Bxc4 cxd4 16. Bxd4 Be4 17. Qe2 Qe7 18. Bd3 Bxd3 19. Qxd3 Qb7 20. Rac1 Rac8 21. h3 h6 22. a4 Qd5 23. b4 Rfd8 24. Qa6 Rxc1 25. Rxc1 Qb3 26. Re1 {0-1 Khotenashvili,B (2513)-Kosteniuk,A (2527) Wch Blitz final (Women) 2014 (26)}) ({RR} 11... Nxe5 12. fxe5 Nxd2 13. Qxd2 f6 14. Qc2 f5 15. cxd5 Qxd5 16. Bc4 Qc6 17. a4 a6 18. Qe2 Kh8 19. Rad1 Rfd8 20. Qf3 Qxf3 21. gxf3 Bd5 22. Bxd5 Rxd5 23. e4 fxe4 24. fxe4 Rxd4 25. Bxd4 cxd4 26. Rc1 {0-1 Gomez Aguirre,J (2196)-Pesotskiy,M (2137) Titled Tue 19th Mar Late 2024 (6)}) 12. Ndf3 {[%emt 0:05:42]} Ndf6 {[%emt 0:02:13]} 13. cxd5 $146 {[%emt 0:06:01]} ({RR} 13. Rc1 Rc8 14. Qe2 Qe8 15. Rfd1 Qh5 16. dxc5 Bxc5 17. Nd4 Qxe2 18. Bxe2 Rfe8 19. a3 a5 20. Nd3 dxc4 21. bxc4 Ba6 22. Nxc5 Nxc5 23. Nb5 Bxb5 24. cxb5 Nd5 25. Bd4 Nb3 26. Rc6 Nxd4 27. Rxd4 Rxc6 {0-1 Romero,G-Vo,T (2155) ASEAN-ch U20 Girls 13th 2012 (3)}) ({RR} 13. Rc1 Rc8 14. Qe2 Bd6 15. Rfd1 Qe7 16. cxd5 exd5 17. Nh4 Ng4 18. Nxf5 Rxf5 19. Qxg4 Rcf8 20. Bxe4 dxe4 21. dxc5 bxc5 22. Rd2 Qe6 23. Nc4 {1-0 Doepper,A (1760)-Gueldner,J (1093) Gelsenkirchen Silvester op 3rd 2015 (3)}) ({RR} 13. Qe2 Rc8 14. Rac1 Qe8 15. a3 Qh5 16. dxc5 Nxc5 17. Nd4 Nxd3 18. Qxh5 Nxh5 19. Nxd3 dxc4 20. bxc4 Bf6 21. Nxe6 Bxb2 22. Nxb2 Rfe8 23. Nd4 Rxe3 24. Nxf5 Re2 25. Rf2 Rxf2 26. Kxf2 Rd8 27. Rd1 Rxd1 {½-½ Engert,K (1730)-Bethke,R (2046) GER-chT U16 Magdeburg 2019 (5.3)}) 13... Nxd5 {[%emt 0:03:24]} 14. Qe1 {[%emt 0:08:30]} Nb4 {[%emt 0:17:42]} 15. Rd1 Nxd3 {[%emt 0:03:50]} 16. Rxd3 {[%emt 0:02:23]} Ba6 {[%emt 0:02:16]} 17. Nc4 {[%emt 0:00:34]} b5 {[%emt 0:08:49]} 18. Nce5 {[%emt 0:01:35]} c4 {[%emt 0:01:36]} 19. bxc4 {[%emt 0:00:49]} bxc4 {[%emt 0:02:08]} 20. Nc6 {[%emt 0:02:24]} Qc7 {[%emt 0:00:40]} 21. Nxe7+ {[%emt 0:00:33]} Qxe7 {[%emt 0:00:02]} 22. Ba3 {[%emt 0:00:48]} Qc7 {[%emt 0:01:00]} 23. Bxf8 {[%emt 0:01:03]} cxd3 {[%emt 0:00:54]} 24. Bb4 {[%emt 0:03:22]} d2 {[%emt 0:00:45]} 25. Nxd2 {[%emt 0:01:02]} Nxd2 {[%emt 0:00:28]} 26. Qxd2 {[%emt 0:01:00]} Bxf1 {[%emt 0:00:15]} 27. Kxf1 {[%emt 0:00:21]} Qb7 {[%emt 0:05:42]} 28. Bc5 {[%emt 0:02:58]} Rb8 {[%emt 0:01:14]} 29. Qa5 {[%emt 0:05:39]} Qe4 {[%emt 0:06:35]} 30. Qc3 {[%emt 0:02:43]} Qb1+ {[%emt 0:01:52]} 31. Kf2 {[%emt 0:01:29]} Qb2+ {[%emt 0:00:24]} 32. Qxb2 {[%emt 0:00:12]} Rxb2+ 33. Kf3 {[%emt 0:00:30]} Rxa2 {[%emt 0:00:02]} 34. g4 {[%emt 0:02:12]} a5 {[%emt 0:01:00]} 35. h3 {[%emt 0:01:34]} a4 {[%emt 0:01:01]} 36. gxf5 {[%emt 0:01:16]} exf5 {[%emt 0:00:12]} 37. e4 {[%emt 0:00:48]} fxe4+ {[%emt 0:01:07]} 38. Kxe4 {[%emt 0:00:09]} Rh2 {[%emt 0:01:30]} 39. Ke5 {[%emt 0:01:19]} Kf7 {[%emt 0:03:09]} 40. Kd6 {[%emt 0:00:40]} Rxh3 {[%emt 0:02:01]} 41. Kc6 {[%emt 0:01:23]} a3 {[%emt 0:02:39]} 42. d5 {[%emt 0:05:15]} a2 {[%emt 0:01:16]} 43. Bd4 {[%emt 0:00:09]} Rh1 {[%emt 0:01:15]} 44. d6 {[%emt 0:07:01]} a1=Q {[%emt 0:02:51]} 45. Bc5 {[%emt 0:00:41]} Qa4+ {[%emt 0:00:23]} 0-1

[Event "45th Olympiad Budapest 2024"]
[Site "Budapest"]
[Date "2024.09.13"]
[Round "3"]
[Board "4"]
[White "Takayasu, Melody"]
[Black "Lyon, Hannah Jane"]
[Result "0-1"]
[WhiteElo "1768"]
[BlackElo "1797"]
[PlyCount "90"]
[EventDate "2024.09.11"]
[EventType "team-tourn"]
[EventRounds "11"]
[EventCountry "HUN"]
[WhiteTeam "Japan"]
[BlackTeam "Luxembourg"]
[WhiteTeamCountry "JPN"]
[BlackTeamCountry "LUX"]

1. e4 {[%emt 0:00:50]} c6 {[%emt 0:00:14]} 2. d4 {[%emt 0:00:20]} d5 {[%emt 0:00:09]} 3. e5 {[%emt 0:00:56]} Bf5 {[%emt 0:00:17]} 4. c4 {[%emt 0:00:48]} e6 {[%emt 0:01:02]} 5. Nc3 {[%emt 0:00:28]} Ne7 {[%emt 0:02:38]} 6. Nf3 {[%emt 0:02:14]} h6 {[%emt 0:01:30]} 7. b3 {[%emt 0:02:53]} Nd7 {[%emt 0:03:29]} 8. h3 {[%emt 0:01:31]} Qa5 $146 {[%emt 0:07:56]} ({RR} 8... a6 9. Bd3 Bxd3 10. Qxd3 Ng6 11. cxd5 cxd5 12. h4 Rc8 13. Bd2 Bb4 14. Ne2 Bxd2+ 15. Qxd2 h5 16. Ng3 Nb8 {½-½ Bru Rullo,L (2202)-Travesset Sagre,J (2264) 24th Torredembarra Open 2024 (6.1)}) ({RR} 8... Ng6 9. a3 dxc4 10. bxc4 c5 11. g4 cxd4 12. Nxd4 Bxg4 13. hxg4 Ndxe5 14. Be2 Bc5 15. Nb3 Qxd1+ 16. Nxd1 Bd6 17. Be3 Rc8 18. c5 Bb8 19. Nc3 Nd7 20. Ne4 O-O 21. Rd1 Rfd8 22. Nd6 Bxd6 23. cxd6 {1-0 Carlsen,M (2862)-Vachier Lagrave,M (2784) Chess.com Speed blitz 2020 (3.37)}) ({RR} 8... Ng6 9. a3 dxc4 10. bxc4 Nh4 11. Nxh4 Qxh4 12. Be2 O-O-O 13. g3 Qe7 14. Qa4 Kb8 15. Be3 Nb6 16. Qb3 f6 17. O-O g5 18. Rfd1 fxe5 19. d5 exd5 20. cxd5 Nxd5 21. Nxd5 cxd5 22. Rxd5 Rxd5 23. Qxd5 {1-0 Haring,F (2425)-Pultinevicius,P (2546) EU-ch 22nd Terme Catez 2022 (6)}) 9. Bd2 {[%emt 0:05:36]} Qc7 {[%emt 0:00:14]} 10. g4 {[%emt 0:02:23]} Bh7 {[%emt 0:00:24]} 11. c5 {[%emt 0:03:35]} f6 {[%emt 0:12:59]} 12. exf6 {[%emt 0:22:57]} gxf6 {[%emt 0:00:10]} 13. Qc1 {[%emt 0:02:12]} e5 {[%emt 0:27:12]} 14. Bxh6 {[%emt 0:11:15]} exd4 {[%emt 0:00:11]} 15. Bxf8 {[%emt 0:01:34]} Rxf8 {[%emt 0:00:13]} 16. Nxd4 {[%emt 0:09:16]} Nxc5 {[%emt 0:04:10]} 17. b4 {[%emt 0:13:27]} Qe5+ {[%emt 0:00:18]} 18. Qe3 {[%emt 0:01:05]} Ne4 {[%emt 0:00:38]} 19. f4 {[%emt 0:02:04]} Qd6 {[%emt 0:01:12]} 20. Nxe4 {[%emt 0:01:54]} Bxe4 {[%emt 0:00:18]} 21. Rh2 {[%emt 0:01:55]} Qxb4+ {[%emt 0:01:38]} 22. Qd2 {[%emt 0:00:16]} Qd6 {[%emt 0:05:03]} 23. Bg2 {[%emt 0:03:10]} Bh7 {[%emt 0:06:12]} 24. Bf3 {[%emt 0:01:42]} Ng6 {[%emt 0:01:27]} 25. Re2+ {[%emt 0:00:30]} Kf7 {[%emt 0:00:07]} 26. f5 {[%emt 0:05:07]} Qg3+ {[%emt 0:01:44]} 27. Kf1 {[%emt 0:03:36]} Ne5 {[%emt 0:00:38]} 28. Qh6 {[%emt 0:00:25]} Rh8 {[%emt 0:00:37]} 29. Qh5+ {[%emt 0:00:36]} Kg8 {[%emt 0:05:39]} 30. Rxe5 {[%emt 0:00:30]} fxe5 {[%emt 0:04:35]} 31. Qg5+ {[%emt 0:00:28]} Kf7 {[%emt 0:00:06]} 32. Qh5+ {[%emt 0:00:35]} Ke7 {[%emt 0:01:15]} 33. Qg5+ {[%emt 0:00:24]} Kd6 {[%emt 0:04:13]} 34. Qf6+ {[%emt 0:00:25]} Kc5 {[%emt 0:00:06]} 35. Nb3+ {[%emt 0:00:31]} Kb6 {[%emt 0:00:32]} 36. Nd2 {[%emt 0:00:38]} Qxh3+ {[%emt 0:01:06]} 37. Kf2 {[%emt 0:00:30]} Qh2+ {[%emt 0:00:14]} 38. Bg2 {[%emt 0:00:30]} Qf4+ {[%emt 0:00:06]} 39. Nf3 {[%emt 0:00:27]} Rae8 {[%emt 0:06:04]} 40. Rb1+ {[%emt 0:00:32]} Kc5 {[%emt 0:01:05]} 41. Qg5 {[%emt 0:00:32]} Qxg5 {[%emt 0:01:14]} 42. Nxg5 {[%emt 0:00:27]} b5 {[%emt 0:01:01]} 43. Rc1+ {[%emt 0:00:34]} Kb6 {[%emt 0:00:16]} 44. Nf7 {[%emt 0:00:31]} Rhg8 {[%emt 0:01:07]} 45. Nh6 {[%emt 0:00:30]} Rg7 {[%emt 0:06:02]} 0-1

[Event "45th Olympiad Budapest 2024"]
[Site "Budapest"]
[Date "2024.09.13"]
[Round "3"]
[Board "2"]
[White "Hamouri, Taqwa"]
[Black "Kakulidis, Ellen"]
[Result "0-1"]
[WhiteElo "1845"]
[BlackElo "2048"]
[PlyCount "90"]
[EventDate "2024.09.11"]
[EventType "team-tourn"]
[EventRounds "11"]
[EventCountry "HUN"]
[WhiteTeam "Palestine"]
[BlackTeam "Denmark"]
[WhiteTeamCountry "PLE"]
[BlackTeamCountry "DEN"]

1. e4 e5 {[%emt 0:00:06]} 2. Nf3 {[%emt 0:00:05]} Nc6 {[%emt 0:00:06]} 3. Bc4 {[%emt 0:00:09]} Nf6 {[%emt 0:00:08]} 4. d4 {[%emt 0:00:57]} exd4 {[%emt 0:00:28]} 5. O-O {[%emt 0:00:18]} Nxe4 {[%emt 0:00:29]} 6. Re1 {[%emt 0:00:11]} d5 {[%emt 0:00:08]} 7. Bxd5 {[%emt 0:00:26]} Qxd5 {[%emt 0:00:08]} 8. Nc3 {[%emt 0:00:09]} Qh5 {[%emt 0:00:40]} 9. Nxe4 {[%emt 0:00:36]} Be6 {[%emt 0:00:24]} 10. Bg5 {[%emt 0:04:32]} Bd6 {[%emt 0:02:53]} 11. Nxd6+ {[%emt 0:04:36]} cxd6 {[%emt 0:00:16]} 12. Bf4 {[%emt 0:00:03]} Qd5 {[%emt 0:00:33]} 13. c3 {[%emt 0:01:19]} Rc8 {[%emt 0:01:11]} 14. Nxd4 {[%emt 0:07:09]} Nxd4 {[%emt 0:01:17]} 15. Qxd4 {[%emt 0:00:25]} Qxd4 {[%emt 0:00:11]} 16. cxd4 {[%emt 0:00:08]} Kd7 {[%emt 0:00:07]} 17. d5 {[%emt 0:08:59]} ({RR} 17. Rac1 Bxa2 18. Ra1 Bd5 19. Rxa7 Rc2 20. Ra5 Kc6 21. f3 Bc4 22. Rc1 Rxc1+ 23. Bxc1 Re8 24. Bd2 Re2 25. Bc3 Rc2 26. h3 f6 27. Ra8 b5 28. Rc8+ Kd5 29. Rc7 b4 30. Bxb4 Rxb2 31. Bxd6 Rb1+ {1-0 Piscicelli,D (2232)-Kurchenko,E (2308) Titled Tue 12th Mar Late 2024 (5)}) 17... Bf5 {[%emt 0:00:30]} 18. Rac1 {[%emt 0:01:19]} Rhe8 {[%emt 0:10:10]} 19. Bd2 $146 {[%emt 0:07:39]} ({RR} 19. Rxe8 Rxe8 20. Be3 a6 21. Bd4 Be4 22. Re1 Rc8 23. Bxg7 Bxd5 24. Bf6 Bxa2 25. Re7+ Kc6 26. h4 Be6 27. f4 a5 28. Kf2 h5 29. f5 Bxf5 30. Rxf7 Be6 31. Rh7 Rf8 32. Rh6 Bg4 33. Ke3 Kd5 {0-1 Gayson,P (2122)-Biro,S (2196) EU-ch Seniors 50 19th 2019 (5)}) 19... Rxc1 {[%emt 0:11:26]} 20. Rxc1 {[%emt 0:01:13]} Be4 {[%emt 0:04:07]} 21. Bc3 {[%emt 0:04:00]} Bxd5 {[%emt 0:03:02]} 22. f3 {[%emt 0:03:08]} f6 {[%emt 0:04:12]} 23. a3 {[%emt 0:03:28]} Bc6 {[%emt 0:13:49]} 24. Kf2 {[%emt 0:03:27]} Bb5 {[%emt 0:06:49]} 25. h4 {[%emt 0:03:09]} Re2+ {[%emt 0:02:10]} 26. Kg3 {[%emt 0:00:50]} h5 {[%emt 0:10:26]} 27. Rd1 {[%emt 0:03:13]} Bc6 {[%emt 0:01:15]} 28. Rg1 {[%emt 0:09:44]} Ke6 {[%emt 0:03:41]} 29. Kf4 {[%emt 0:04:03]} Kf7 {[%emt 0:07:20]} 30. Bd4 {[%emt 0:07:08]} a6 {[%emt 0:00:23]} 31. g4 {[%emt 0:02:44]} hxg4 {[%emt 0:02:35]} 32. Rxg4 {[%emt 0:01:15]} Bd7 {[%emt 0:01:53]} 33. Rg1 {[%emt 0:03:25]} Rh2 {[%emt 0:00:44]} 34. Bc3 {[%emt 0:00:39]} Rxh4+ {[%emt 0:00:12]} 35. Kg3 {[%emt 0:00:42]} Rh3+ {[%emt 0:02:06]} 36. Kg2 {[%emt 0:00:55]} Rh5 {[%emt 0:00:08]} 37. Rd1 {[%emt 0:00:59]} d5 {[%emt 0:01:07]} 38. Bb4 {[%emt 0:03:41]} Bc6 {[%emt 0:02:26]} 39. Kg3 {[%emt 0:01:28]} Re5 {[%emt 0:01:19]} 40. Bc3 {[%emt 0:01:03]} Re2 {[%emt 0:01:16]} 41. Rd4 {[%emt 0:03:12]} g5 {[%emt 0:03:02]} 42. f4 {[%emt 0:02:22]} Kg6 {[%emt 0:15:15]} 43. fxg5 {[%emt 0:06:27]} fxg5 {[%emt 0:00:18]} 44. Kg4 {[%emt 0:01:03]} Re3 {[%emt 0:01:22]} 45. Bd2 {[%emt 0:12:36]} Bd7# {[%emt 0:00:09]} 0-1